Instalación y administración de una red de área local /

-д хадгалсан:
Номзүйн дэлгэрэнгүй
Үндсэн зохиолч: Avila Félix, Ramón Arturo (autor)
Формат: Дипломын ажил Ном
Хэл сонгох:испани
Нөхцлүүд:
Шошгууд: Шошго нэмэх
Шошго байхгүй, Энэхүү баримтыг шошголох эхний хүн болох!

MARC

LEADER 00000nam^a2200000^a^4500
001 000052414
005 20250521000000.0
009 20260310090357.908
037 |a Acervo ITESO - Biblioteca 
041 |a ESP 
090 |a IEL. 74 
100 |a Avila Félix, Ramón Arturo  |e (autor) 
245 1 0 |a Instalación y administración de una red de área local /  |c R.A. Avila Félix. 
264 |a Guadalajara, México :  |b edición de autor,  |c 1997 
300 |a 60 p. 
336 |a texto  |b txt  |2 rdacontenido 
337 |a sin mediación  |b n  |2 rdamedio 
338 |a volumen  |b nc  |2 rdasoporte 
502 |a ITESO Reporte Profesional de Licenciatura en Ingeniería Electrónica 
649 |a XX 
650 |a Redes de Computadoras 
650 |a Sistemas Computacionales 
650 |a Computadoras 
650 |a Ingeniería Electrónica 
650 |a Ingeniería Computacional 
910 |a Fondo General 
920 |a Impresos - Tesis del ITESO 
930 |a Colección General 
905 |a 104 
901 |a 0500010090  |b IT2  |c TSS  |u 20250521 
902 |a https://opac.biblio.iteso.mx/vufind/Record/000052414